000 00774nam a2200277Ia 4500
003 OSt
005 20221006144637.0
006 a|||||r|||| 00| 0
007 ta
008 221006b |||||||| |||| 00| 0 chi d
020 _a9787532116713
_cYu 54.00
024 _a12,227
037 _bGift, PRC
_cTextual
040 _aEASL
_cEASL
_bchi
041 _2chi
_achi
082 _aQ8413, N9
100 _aQING Xitai Ed.
_9652516
245 0 _aDaojiao wenhua cidian
260 _aShanghai
_bShanghai Wenyi Chubanshe China
_c1999
300 _a1085p.
_ccm.
490 _v CL
650 _aCL
_9642733
700 _a ZHAN Shichuang Ed.
_9652517
942 _hQ8413, N9
_cTEXL
_2CC
999 _c1080313
_d1080313